[Event "Ricany op"]
[Site "Ricany"]
[Date "2023.08.27"]
[Round "2"]
[White "Blazek, Miroslav"]
[Black "Bezdek, Tomas"]
[Result "0-1"]
[WhiteElo "1849"]
[BlackElo "2136"]
[PlyCount "64"]
[EventDate "2023.08.26"]
[EventType "swiss"]
[EventRounds "9"]
[EventCountry "CZE"]
[SourceTitle "EXT 2024"]
[Source "ChessBase"]
[SourceDate "2023.10.10"]
[SourceVersion "1"]
[SourceVersionDate "2023.10.10"]
[SourceQuality "1"]

1. c4 Nf6 2. Nc3 e6 3. g3 d5 4. d4 c6 5. cxd5 exd5 6. Bg2 Bd6 7. Nf3 0-0 8. 0-0 Bf5 9. Bd2 Nbd7 10. Qc1 Re8 11. Re1 Qc7 12. Bf4 Ne4 13. Bxd6 Qxd6 14. Nd2 Ng5 15. Nf3 Nh3+ 16. Kf1 Qf6 17. Qd2 h6 18. Ng1 Ng5 19. Nf3 Ne4 20. Nxe4 dxe4 21. Ng1 e3 22. fxe3 Nb6 23. Rac1 Nd5 24. Nf3 Nxe3+ 25. Kg1 Rad8 26. Rc3 Qe6 27. b3 g5 28. Kf2 Nd5 29. Rcc1 Be4 30. e3 Qf5 31. Ke2 Bxf3+ 32. Bxf3 Rxe3+ 0-1